Animals in Irish - Statistics

General Stats
  • This quiz has been taken 13 times
  • The average score is 20 of 32
Answer Stats
Hint Answer % Correct
Cat Cat
100%
Cow
100%
Madra Dog
100%
Eilifint Elephant
100%
Leon Lion
100%
Béar Bear
92%
Éan Bird
92%
Iasc Fish
83%
Capall Horse
83%
Moncaí Monkey
83%
Luch Mouse
83%
Siorc Shark
83%
Turtar Turtle
75%
Sicín Chicken
67%
Asal Donkey
67%
Lacha Duck
58%
Gabhair Goat
58%
Muc Pig
58%
Mac Tíre Wolf
58%
Féileacán Butterfly
50%
Deilf Dolphin
50%
Goose
50%
Francach Rat
50%
Rón Seal
50%
Nathair Snake
50%
Duine Human
33%
Míol Mór Whale
25%
Péist Worm
25%
Seilide Snail
17%
Síota Cheetah
8%
Bóin Dé Ladybird
8%
Lasairéan Flamingo
0%
No matching quizzes found
Score Distribution
Percent of People with Each Score
Percentile by Number Answered
Your Score History
You have not taken this quiz